Logo biblioteca
Santa Fe 2917, Rosario, Santa Fe
Lu-Vi 8 a 19.45
+54-341-4232362
bibliotecaeudoro@gmail.com
Facebook Biblioteca Pedagógica
Sitio web

Educación ambiental y arte. (Registro nro. 32621)

Detalles MARC
000 -CABECERA
campo fijo de control de longitud 01301nab a2200289 4500
003 - IDENTIFICADOR DEL NÚMERO DE CONTROL
campo de control AR-RoBPED
005 - FECHA Y HORADE LA ULTIMA TRANSACCION
campo de control 20260424104812.0
008 - ELEMENTOS DE LONGITUD FIJA--INFORMACION GENERAL
campo fijo de control de longitud 260424b |||||||| |||| 00| 0 spa d
040 ## - FUENTE CATALOGADORA
Centro catalogador/agencia de origen AR-RoBPED
041 ## - IDIOMA
Código de idioma para texto/pista de sonido o título independiente spa
100 1# - ENCABEZAMIENTO PRINCIPAL--AUTOR PERSONAL
Nombre de persona Crudo, Ivana
9 (RLIN) 30784
Función Profesora de Educación Inicial
245 1# - TITULO
Título Educación ambiental y arte.
Subtítulo Experiencias que dejan huella y transforman /
260 ## - PUBLICACION
Lugar Buenos Aires :
Editor Noveduc,
Fecha 2024
300 ## - DESCRIPCION FISICA
Extensión 50-54 p.
500 ## - NOTA GENERAL
Nota general Se da cuenta de una experiencia que se realizó en el Jardín de Infantes Nucleado N° 68 "Dr. Camilo Corti" de la ciudad de Santa Fe, con un grupo de niños de cinco años. La narración muestra cómo la articulación entre la educación ambiental y el arte genera universos donde se encuentran lo natural y lo social.
650 #7 - TERMINO DE MATERIA--CONTROLADO
Término controlado EDUCACION AMBIENTAL
9 (RLIN) 11
Término controlado NIÑOS
9 (RLIN) 62
Término controlado NATURALEZA
9 (RLIN) 2064
Término controlado OBSERVACION
9 (RLIN) 15737
Término controlado MEDIO AMBIENTE
9 (RLIN) 254
Término controlado EXPERIENCIA PEDAGOGICA
9 (RLIN) 3265
Término controlado JARDINES DE INFANTES
9 (RLIN) 27376
Término controlado ACTIVIDADES DE APRENDIZAJE
9 (RLIN) 783
773 0# - DOCUMENTO FUENTE
Host Biblionumber 20414
Host Itemnumber 41866
Place, publisher, and date of publication Buenos Aires : Noveduc, 1993-
Título Novedades Educativas
Record control number (AR-RoBPED)20414
International Standard Serial Number 03283534
942 ## - ELEMENTOS KOHA
Fuente de clasificación Universal Decimal Classification
Koha tipo de ítem Revistas
Clasificación 37(05)
Signatura librística Nov 86 N° 398 (Sept.2024)
Número Koha k.32621
945 ## - PROCESAMIENTO DE LA INFORMACIÓN LOCAL
Catalogador y fecha mar 04/2026

No hay ítems disponibles.